MARC

LEADER 00000nam^a2200000^a^4500
001 000157814
005 20250521000000.0
009 20260310100552.842
020 |a 968-476-431-6 
037 |a Acervo ITESO - Biblioteca 
041 |a ESP 
082 |a 340. 1  |b BIB V. 89 
100 |a Pérez Carrillo, Agustín Alvero  |e (autor) 
240 1 1 |a [Biblioteca de ética, filosofía del derecho y política] 
245 1 3 |a La derrotabilidad del derecho /  |c A.A. Pérez Carrillo ; dir. de la serie de E. Garzón Valdés, R. Vázquez. 
264 4 |a México :  |b Fontamara,  |c 2003, c2003 
300 |a 220 p. 
336 |a texto  |b txt  |2 rdacontenido 
337 |a sin mediación  |b n  |2 rdamedio 
338 |a volumen  |b nc  |2 rdasoporte 
440 1 |a (Biblioteca de Etica, Filosofía del Derecho y Política ;  |v 89) 
649 |a XX 
650 |a Legitimidad e Ilegitimidad 
650 |a Hermenéutica 
650 |a Derecho -  |x Interpretación 
650 |a Anatocismo -  |z México 
650 |a Derecho Económico -  |z México 
650 |a Delincuencia -  |z México 
650 |a Crimen Organizado -  |z México 
650 |a Derecho Penal -  |z México 
650 |a Juicio Político -  |z México 
650 |a Conflicto Social -  |z México 
650 |a Derecho Político -  |z México 
650 |a Derecho y Política -  |z México 
650 |a Reforma Política -  |z México 
650 |a Política -  |z México -  |x Historia -  |y 1994-2000 
650 |a Política -  |z México -  |x Historia -  |y Siglo XX 
650 |a Garantías Individuales -  |z México 
650 |a Derecho Constitucional -  |z México 
650 |a Derechos Humanos 
650 |a Suprema Corte de Justicia de la Nación -  |z México 
650 |a Derecho Público -  |z México 
650 |a México -  |x Condiciones Políticas 
650 |a México -  |x Condiciones Jurídicas 
910 |a Fondo General 
920 |a Impresos - Libros 
930 |a Colección General 
905 |a 101 
901 |a 0500087548  |b IT1  |c ACC  |u 20250521 
902 |a https://opac.biblio.iteso.mx/vufind/Record/000157814